000 nam a22 7a 4500
999 _c8509
_d8509
008 180117b ||||| |||| 00| 0 eng d
100 _aManu.R.
_94900
245 _aMaster Stroke
260 _aNew Delhi
_bRachna
_c2009